[Event "Poznan op 27th"]
[Site "Poznan"]
[Date "2019.08.25"]
[Round "9"]
[White "Stanislawski, Karol"]
[Black "Zurawski, Mateusz"]
[Result "0-1"]
[WhiteElo "1205"]
[BlackElo "1516"]
[PlyCount "92"]
[EventDate "2019.08.18"]
[EventType "swiss"]
[EventRounds "9"]
[EventCountry "POL"]
[SourceTitle "EXT 2020"]
[Source "ChessBase"]
[SourceDate "2019.10.17"]
[SourceVersion "1"]
[SourceVersionDate "2019.10.17"]
[SourceQuality "1"]

1. d4 f5 2. c4 Nf6 3. Nc3 g6 4. Nf3 Bg7 5. g3 0-0 6. Bg2 d6 7. 0-0 c6 8. d5 e5 9. dxe6 Bxe6 10. b3 Qe7 11. Bb2 Na6 12. Qd2 Rad8 13. Rfd1 h6 14. Nd4 Bf7 15. Bxc6 bxc6 16. Nxc6 Qc7 17. Nxd8 Rxd8 18. Nb5 Qb6 19. Bd4 Nc5 20. b4 Nfe4 21. Qe3 Bxd4 22. Qxd4 Na4 23. f3 Nec3 24. Nxc3 Nxc3 25. Qxb6 axb6 26. Rd2 Bxc4 27. Kf2 b5 28. Rc1 Na4 29. Rcd1 d5 30. e4 fxe4 31. fxe4 Nc3 32. Re1 Rf8+ 33. Kg2 Nxe4 34. Rc2 Ra8 35. Ra1 Ra3 36. Rb2 d4 37. Rd1 d3 38. Kf3 Nc3 39. Rdd2 Rxa2 40. Rxa2 Nxa2 41. Ke3 Nxb4 42. Kd4 Nc2+ 43. Kc3 Ne3 44. Kd4 Nf1 45. Rb2 d2 46. Rb1 Be2 0-1

[Event "Poznan op 27th"]
[Site "Poznan"]
[Date "2019.08.18"]
[Round "1"]
[White "Sandberg, Martin"]
[Black "Stanislawski, Karol"]
[Result "1-0"]
[WhiteElo "1867"]
[BlackElo "1205"]
[PlyCount "79"]
[EventDate "2019.08.18"]
[EventType "swiss"]
[EventRounds "9"]
[EventCountry "POL"]
[SourceTitle "EXT 2020"]
[Source "ChessBase"]
[SourceDate "2019.10.17"]
[SourceVersion "1"]
[SourceVersionDate "2019.10.17"]
[SourceQuality "1"]

1. Nf3 c5 2. g3 Nc6 3. c4 g6 4. Bg2 Bg7 5. Nc3 Nf6 6. d3 0-0 7. Bg5 h6 8. Bd2 e6 9. Qc1 Kh7 10. e4 d5 11. 0-0 Nb4 12. Ne1 dxe4 13. dxe4 Qe7 14. Bf4 Rd8 15. Nb5 Ne8 16. a3 Nc6 17. Nf3 a6 18. Nc3 Nd4 19. Nxd4 cxd4 20. Na4 e5 21. Bd2 b5 22. Nb6 Rb8 23. Nd5 Qd6 24. c5 Qc6 25. Nb4 Qc7 26. Nd5 Qc6 27. Ba5 Rd7 28. Nb4 Qe6 29. f4 Nc7 30. f5 Qc4 31. c6 Re7 32. f6 Qxc1 33. Raxc1 Bxf6 34. Rxf6 Kg7 35. Rff1 Ra8 36. Nd5 Nxd5 37. exd5 Bg4 38. d6 Re6 39. d7 Rd6 40. Bc7 1-0

[Event "Poznan op 27th"]
[Site "Poznan"]
[Date "2019.08.18"]
[Round "2"]
[White "Stanislawski, Karol"]
[Black "Dachtera, Piotr"]
[Result "1/2-1/2"]
[WhiteElo "1205"]
[BlackElo "1539"]
[PlyCount "112"]
[EventDate "2019.08.18"]
[EventType "swiss"]
[EventRounds "9"]
[EventCountry "POL"]
[SourceTitle "EXT 2020"]
[Source "ChessBase"]
[SourceDate "2019.10.17"]
[SourceVersion "1"]
[SourceVersionDate "2019.10.17"]
[SourceQuality "1"]

1. d4 d5 2. c4 c6 3. Nf3 Nf6 4. g3 Bf5 5. Bg2 e6 6. 0-0 h6 7. Bf4 Bd6 8. Bxd6 Qxd6 9. Ne5 0-0 10. Nc3 Nfd7 11. c5 Qc7 12. Nd3 b6 13. b4 a5 14. e4 dxe4 15. Bxe4 Bxe4 16. Nxe4 axb4 17. Nxb4 bxc5 18. Nxc5 Nxc5 19. dxc5 Qa5 20. Nd3 Rd8 21. Qc2 Rd5 22. Rfc1 Nd7 23. a4 Rd4 24. Rd1 Rxa4 25. Rxa4 Qxa4 26. Qxa4 Rxa4 27. Nb2 Ra7 28. Rd6 Rc7 29. Nd3 Kf8 30. Nb4 Nxc5 31. Rxc6 Rxc6 32. Nxc6 Ke8 33. Kg2 Kd7 34. Ne5+ Ke7 35. f4 f6 36. Nc6+ Kd6 37. Nd4 Kd5 38. Nb5 e5 39. Nc7+ Ke4 40. Ne8 exf4 41. gxf4 Ne6 42. Kg3 Kd5 43. f5 Nd4 44. Nxg7 Ke4 45. Kg4 Nxf5 46. Nxf5 h5+ 47. Kxh5 Kxf5 48. h4 Ke4 49. Kg6 f5 50. h5 f4 51. h6 f3 52. h7 f2 53. h8Q f1Q 54. Qe8+ Kf3 55. Qf7+ Kg2 56. Qxf1+ Kxf1 1/2-1/2